Score 0/20 Timer 02:00
0 Plays Today
Clue 3-Letter Word % Correct
Insect that makes honeyBEE
99.4%
Furniture to sleep onBED
99.3%
Color of sunburned skinRED
99.1%
Rodent; large mouseRAT
98.6%
High in temperatureHOT
98.6%
HeadwearHAT
98.5%
Golf ball supportTEE
98%
Uncooked food; state of sunburned skinRAW
97.9%
Digit on a footTOE
97.8%
Plant containerPOT
97.7%
Clue 3-Letter Word % Correct
Move a boat with oarsROW
96.9%
A great distance awayFAR
96.4%
Drinking establishmentBAR
95.8%
The intended effect for skin when sunbathingTAN
95.5%
Spinning toyTOP
95.4%
Fizzy drink; sodaPOP
95.3%
The front end of a shipBOW
94.7%
Cooling deviceFAN
94.6%
Culture Club member: ___ GeorgeBOY
92.5%
Coastal body of waterBAY
91.8%

Today's Daily Dose

Missing Word
'Song' Songs (A-Z)

Word Ladder
Nervous System

Get the Picture
NFL Bird Teams

Remove Ads.
Support Sporcle.
Get the best of Sporcle when you Go Orange. This ad-free experience offers more features, more stats, and more fun while also helping to support Sporcle. Thank you for becoming a member.

You're not logged in!

Compare scores with friends on all Sporcle quizzes.
OR
Log In

Sporcle TV

Today on Sporcle TV


Watch our educational content, quiz creation guides, and fun videos on Sporcle TV.

Show Comments

Extras

Top Quizzes Today


Score Distribution

Paid Content

Your Account Isn't Verified!

In order to create a playlist on Sporcle, you need to verify the email address you used during registration. Go to your Sporcle Settings to finish the process.

Report this User

Report this user for behavior that violates our Community Guidelines.

Details: